On estimate of the norm of the holomorphic component of a meromorphic function in finitely connected domain

Elmentve itt :
Bibliográfiai részletek
Szerzők: Kalmykov Sergei
Nagy Béla
Dokumentumtípus: Cikk
Megjelent: 2015
Sorozat:ZAPISKI NAUCNYH SEMINAROV (POMI) 440
mtmt:2969703
Online Access:http://publicatio.bibl.u-szeged.hu/6047
LEADER 00802nab a2200205 i 4500
001 publ6047
005 20180810141224.0
008 160120s2015 hu o 0|| zxx d
022 |a 0373-2703, 0132-6678 
024 7 |a 2969703  |2 mtmt 
040 |a SZTE Publicatio Repozitórium  |b hun 
041 |a zxx 
100 1 |a Kalmykov Sergei 
245 1 3 |a On estimate of the norm of the holomorphic component of a meromorphic function in finitely connected domain  |h [elektronikus dokumentum] /  |c  Kalmykov Sergei 
260 |c 2015 
300 |a 123-137 
490 0 |a ZAPISKI NAUCNYH SEMINAROV (POMI)  |v 440 
700 0 1 |a Nagy Béla  |e aut 
856 4 0 |u http://publicatio.bibl.u-szeged.hu/6047/1/Kalmukov.pdf  |z Dokumentum-elérés  
856 4 0 |u http://publicatio.bibl.u-szeged.hu/6047/7/Kalmukov_cimlap_helyett.pdf  |z Dokumentum-elérés